| 000 | 00981nam a2200217Ia 4500 | ||
|---|---|---|---|
| 003 | Ost | ||
| 005 | 20260507074931.0 | ||
| 008 | 260507s9999||||xx |||||||||||||| ||und|| | ||
| 020 | _a978995770898 | ||
| 040 | _cfsecg | ||
| 041 | _aara | ||
| 082 | _a330 | ||
| 100 |
_aالظاهر، نعيم إبراهيم _eمؤلف |
||
| 245 | 0 |
_aمدارس الفكر الاقتصادي / _c نعيم إبراهيم الظاهر |
|
| 260 |
_aإربد: _bعالم الكتب الحديث, _c2015 |
||
| 300 |
_a279 صفحة؛ _bإيضاحات ؛ _c24 سم |
||
| 504 | _aبيبليوغرافيا: ص.268-279؛فهرس الجداول:ص.ز | ||
| 520 | _aيضم المفاهيم والمصطلحات الاقتصادية،تطور مدارس الفكر الاقتصادي،الادارة الاقتصادية،التحديات التي تواجه الإدارة الاقتصادية،الإدارة الاقتصادية في الإسلام | ||
| 653 | _aالاقتصاد | ||
| 942 | _cكتاب | ||
| 999 |
_c41853 _d41853 |
||